000
00342nam a2200145Ia 4500
008
150201s2012 xx 000 0 und d
082
_a
612.015
_b
C12M
100
_a
MARSHALL, WILLIAM
245
_a
CLINICAL CHEMISTRY
250
_a
7TH
260
_b
MOSBY
_a
EDINBURGH
_c
2012
300
_a
1-368
650
_a
BIOCHEMISTRY
942
_2
ddc
_c
BK
_0
3
999
_c
1640
_d
1640